| 000 | 00821 a2200241 4500 | ||
|---|---|---|---|
| 999 |
_c200129076 _d30757 |
||
| 001 | 200129076 | ||
| 003 | TR-AnTOB | ||
| 005 | 20241008110706.0 | ||
| 008 | 130911s2008 tu 000 0 | ||
| 020 | _a9789751130303 | ||
| 040 |
_aTR-AnTOB _beng _cTR-AnTOB _erda |
||
| 041 | _atur | ||
| 050 | 0 |
_aGN307.5 _bE86 2008 |
|
| 090 | _aGN307.5. E86 2008 | ||
| 245 | 0 | 0 |
_aEtnografik eserler katalogu I-II / _cMilli Eğitim Bakanlığı Kız Teknik Öğretim Genel Müdürlüğü. |
| 264 | 1 |
_aAnkara: _bMilli Eğitim Bakanlığı Kız Teknik Öğretim Genel Müdürlüğü, _c2008 |
|
| 300 |
_a340 sayfa : _bresim ; _c21 cm. |
||
| 650 | 7 |
_aEtnoloji _zTürkiye _2etuturkob _911663 |
|
| 650 | 0 |
_aEthnology _zTurkey _934749 |
|
| 710 | 1 |
_aTurkey. _bKız Teknik Öğretim Genel Müdürlüğü _988326 |
|
| 942 |
_cBK _2lcc |
||